Every Country to win an Olympic Medal: Football - Statistics

General Stats
  • This quiz has been taken 29 times
    10 since last reset
  • The average score is 26 of 37
Answer Stats
# of Medals Country % Correct
4 Argentina
100%
10 Brazil
100%
5 Hungary
100%
3 Poland
100%
5 Spain
100%
2 Uruguay
100%
9 USA
100%
1 Austria
88%
4 Canada
88%
1 China
88%
4 Denmark
88%
3 Great Britain
88%
3 Italy
88%
2 Japan
88%
2 Mexico
88%
5 Soviet Union
88%
5 Sweden
88%
2 Czechoslovakia
75%
3 France
75%
6 Germany
75%
3 Netherlands
75%
3 Norway
75%
1 Belgium
63%
2 Bulgaria
63%
1 Morocco
63%
1 South Korea
63%
1 Switzerland
63%
5 Yugoslavia
63%
1 Cameroon
50%
3 Nigeria
50%
1 Paraguay
50%
1 Chile
38%
3 East Germany
38%
1 Ghana
25%
1 West Germany
25%
1 Mixed Team
0%
1 United Team of Germany
0%
No matching quizzes found
Score Distribution
Percent of People with Each Score
Percentile by Number Answered
Your Score History
You have not taken this quiz since the last reset